History Quiz

Random History or State Quiz

State Quarters Quiz Stats

 Plays Quiz Updated Feb 28, 2020

Support Sporcle.
Go Orange.
Score 0/50 Timer 08:00
0 Plays Today
Elements Depicted State % Correct
Statue of Liberty, eleven stars, state outlineNew York
90.9%
Grand Canyon, SaguaroArizona
89.1%
Mount Rushmore, Ring-necked Pheasant, wheatSouth Dakota
88.1%
IndyCar, state outline, 19 starsIndiana
88%
State outline, outline of Great Lakes systemMichigan
87.5%
Gateway Arch, Lewis and Clark paddling downriverMissouri
86.3%
Brown Pelican, trumpet with musical notes, outline of Louisiana Purchase on map of U.S.Louisiana
85.9%
Peach, Live Oak sprigs, state outlineGeorgia
85.2%
Young Abraham Lincoln, farm scene, skyline of state's biggest city, state outline, 21 starsIllinois
84.4%
Wright Flyer, Wright BrothersNorth Carolina
83.5%
Spanish galleon, Cabbage Palmettos, Space ShuttleFlorida
83.4%
Head of a cow, round of cheese and ear of cornWisconsin
83%
Salmon, Mount RainierWashington
83%
Grizzly Bear with salmon, North StarAlaska
80.5%
Thoroughbred racehorse behind fence, Bardstown mansion, Federal HillKentucky
79.5%
Statue of Kamehameha I, state outlineHawaii
79.3%
State outline, star, ropeTexas
76.1%
Maple trees with sap buckets, Camel's Hump MountainVermont
75.2%
Cabbage Palmetto, Carolina Wren, Yellow Jessamine, state outlineSouth Carolina
73.8%
Minuteman statue, state outlineMassachusetts
73.5%
Fiddle, trumpet, guitar, musical score, three starsTennessee
72.5%
American Bison, BadlandsNorth Dakota
70.8%
George Washington crossing the Delaware RiverNew Jersey
67.5%
Commonwealth statue, state outline, keystonePennsylvania
66.9%
Outline of a bucking broncoWyoming
65.1%
Elements Depicted State % Correct
Wright Flyer, Astronaut, state outlineOhio
63.2%
Pemaquid Point Lighthouse, the schooner Victory ChimesMaine
60%
Helen Keller, Longleaf Pine branch, Magnolia blossomsAlabama
59.3%
John Muir, Condor, Half DomeCalifornia
58.8%
Two Magnolia blossomsMississippi
58.3%
American Bison, sunflowersKansas
58.3%
Crater Lake National ParkOregon
58%
Golden Spike and the completion of the Transcontinental RailroadUtah
57.7%
State outline, Zia Sun symbolNew Mexico
56.7%
Old Man of the Mountain, nine starsNew Hampshire
55.3%
American Bison skull, mountains, Missouri RiverMontana
51.4%
America's Cup yacht Reliance, Pell BridgeRhode Island
46.4%
Chimney Rock, covered wagonNebraska
45.3%
Common Loon, fishing, state outlineMinnesota
42.7%
Diamond, rice stalks, mallard flying above a lakeArkansas
41.9%
Mustangs, mountains, rising sun, sagebrushNevada
41.3%
The Charter OakConnecticut
40.2%
The ships Susan Constant, Godspeed, and DiscoveryVirginia
36.4%
Scissor-tailed Flycatcher, Indian Blankets (wildflower)Oklahoma
36%
Longs PeakColorado
35.3%
New River Gorge BridgeWest Virginia
34.6%
Caesar Rodney on horsebackDelaware
33%
Schoolhouse, teacher and students planting a treeIowa
30.6%
Peregrine Falcon, state outlineIdaho
27.9%
Dome of the statehouse, White Oak clustersMaryland
27.6%

From the Vault

North, South, East, or West?

by El_Dandy

Either way, this quiz is a step in the right direction.
Remove Ads.
Support Sporcle.
Get the best of Sporcle when you Go Orange. This ad-free experience offers more features, more stats, and more fun while also helping to support Sporcle. Thank you for becoming a member.

Show Comments

Extras

Top Quizzes Today


Score Distribution

Your Account Isn't Verified!

In order to create a playlist on Sporcle, you need to verify the email address you used during registration. Go to your Sporcle Settings to finish the process.

Report this User

Report this user for behavior that violates our Community Guidelines.

Details: